000 00956cab a2200253 4500
001 WB3428-20
008 090401t1998 xxu||||| |||| 00| 0 eng d
035 _a(Sirsi) u87602
041 _aeng
245 _aRight to roam less important than good footpaths
260 _c1998
350 _a0
490 _aCSM (Chartered Surveyor Monthly)
_vJuly/August 1998, 7(1)
520 _aThe RICS has responded to government proposals for increased access to the countryside by stressing that good, well-marked and safe footpaths are more important to the public than the theoretical right to roam. (Copies of the RICS response are available from the Press Office on 0171 222 7000)
650 _aACCESS TO THE COUNTRYSIDE
650 _aFOOTPATHS
650 _aLANDSCAPE CONSERVATION
650 _aRICS
650 _aRIGHT TO ROAM
650 _aRIGHTS OF WAY
690 _aHIGHWAYS RIGHTS OF WAY AND EASEMENTS
942 _n0
948 _c23/07/1998
999 _c55263
_d55263